000 00371nam a2200157Ia 4500
001 9496
003 GE_BSU
008 181216s||||||||xx |||||||||||||| ||und||
020 _a9770013061220
040 _cGE_BSU
245 4 _aThe Economist, april 5th-11th 2014. volume 411 number 8881
260 _c2014
300 _a82p.27cm.
653 _aThe Economist
942 _cCR
999 _c42790
_d42790